000 00582nam a2200193Ia 4500
005 20250923145443.0
008 008 250917s9999 xx 000 0 eng d
037 _aTextual
040 _aDSWL
_beng
_cDSWL
041 _aeng
_2eng
084 _aYX;5-B0aX.1, N68
_qDSWL
245 0 _aRole of Social Security in Economic Development
_c Ed. by E.M.Kassalow
260 _aWashington
_bU.S. Deptt. of Health Education Welfare
_c1968
300 _avi,265 p.
365 _aUSD
_b1
925 _g1
942 _cTEXL
_hYX;5-B0aX.1, N68
999 _c1451525
_d1451525